[Event "Krakow op-B 32nd"]
[Site "Krakow"]
[Date "2022.01.03"]
[Round "8"]
[White "Sowinski, Pawel"]
[Black "Rosicki, Marcin"]
[Result "1-0"]
[WhiteElo "2075"]
[BlackElo "2016"]
[PlyCount "73"]
[EventDate "2021.12.27"]
[EventType "swiss"]
[EventRounds "9"]
[EventCountry "POL"]
[SourceTitle "EXT 2023"]
[Source "ChessBase"]
[SourceDate "2022.10.05"]
[SourceVersion "1"]
[SourceVersionDate "2022.10.05"]
[SourceQuality "1"]

1. c4 e5 2. Nc3 Nf6 3. Nf3 Nc6 4. e4 Bb4 5. d3 d6 6. a3 Bxc3+ 7. bxc3 h6 8. g3 0-0 9. Bg2 Rb8 10. 0-0 a6 11. h3 b5 12. cxb5 axb5 13. Re1 Re8 14. Qc2 Be6 15. Bd2 Qc8 16. Kh2 Qa6 17. g4 Na5 18. Rab1 c5 19. Bh1 c4 20. d4 Nb3 21. g5 hxg5 22. Bxg5 Nh7 23. d5 Bc8 24. Rg1 Kh8 25. Rg3 Qxa3 26. Rbg1 Ra8 27. Be3 Rg8 28. Ng5 Nxg5 29. Rxg5 g6 30. Qd1 Rg7 31. Qf3 Nc5 32. Qf6 Nd7 33. Qd8+ Rg8 34. Rh5+ Kg7 35. Rh7+ Kxh7 36. Qh4+ Kg7 37. Qh6+ 1-0

[Event "Krakow op-B 32nd"]
[Site "Krakow"]
[Date "2021.12.30"]
[Round "4"]
[White "Cieslak, Patryk"]
[Black "Rosicki, Marcin"]
[Result "1-0"]
[WhiteElo "1817"]
[BlackElo "2016"]
[PlyCount "101"]
[EventDate "2021.12.27"]
[EventType "swiss"]
[EventRounds "9"]
[EventCountry "POL"]
[SourceTitle "EXT 2023"]
[Source "ChessBase"]
[SourceDate "2022.10.05"]
[SourceVersion "1"]
[SourceVersionDate "2022.10.05"]
[SourceQuality "1"]

1. e4 e5 2. Nf3 Nc6 3. Bb5 a6 4. Ba4 d6 5. c3 Bd7 6. 0-0 g6 7. d4 Bg7 8. Be3 Nge7 9. Nbd2 0-0 10. dxe5 Nxe5 11. Nxe5 Bxe5 12. Bh6 Bg7 13. Bxg7 Kxg7 14. Re1 Bxa4 15. Qxa4 Nc6 16. Rad1 f5 17. Nf3 fxe4 18. Qxe4 Qf6 19. Re2 Rf7 20. Qg4 h6 21. Nd4 Nxd4 22. Qxd4 Raf8 23. f3 Qxd4+ 24. Rxd4 g5 25. h4 Kg6 26. Kf2 Rf6 27. Kg3 Rf4 28. Ree4 gxh4+ 29. Kh3 Kg5 30. Re7 R8f7 31. Rxf7 Rxf7 32. Rg4+ Kh5 33. Rxh4+ Kg5 34. Rg4+ Kf5 35. Re4 d5 36. g4+ Kg6 37. Re6+ Kg5 38. Kg3 Rf6 39. Re5+ Kg6 40. Rxd5 Rb6 41. b4 Re6 42. Kf4 b6 43. c4 Kf6 44. Rf5+ Kg6 45. Re5 Rd6 46. c5 Rd2 47. Re6+ Kg7 48. Re7+ Kf6 49. Rxc7 bxc5 50. Rxc5 Rxa2 51. Ra5 1-0

[Event "FIDE World Uni Rapid-B 1st"]
[Site "Tornelo INT"]
[Date "2021.03.21"]
[Round "11"]
[White "Rosicki, Marcin"]
[Black "Davis, Christopher"]
[Result "1-0"]
[WhiteElo "2023"]
[BlackElo "1337"]
[PlyCount "85"]
[EventDate "2021.03.20"]
[EventType "swiss (rapid)"]
[EventRounds "12"]
[EventCountry "NET"]
[SourceTitle "CBM 201 Extra"]
[Source "ChessBase"]
[SourceDate "2021.05.31"]
[SourceVersion "1"]
[SourceVersionDate "2021.05.31"]
[SourceQuality "1"]

1. e4 d6 2. d4 Nf6 3. Nc3 g6 4. f4 Bg7 5. Nf3 0-0 6. Be3 Ng4 7. Bg1 c5 8. h3 cxd4 9. Nxd4 Nf6 10. Qd2 Nc6 11. 0-0-0 a5 12. g4 a4 13. g5 Nh5 14. Be2 Nxd4 15. Bxh5 gxh5 16. Bxd4 e5 17. Bxe5 a3 18. Bxg7 axb2+ 19. Kb1 Kxg7 20. Qd4+ Kg8 21. Nd5 Be6 22. Nf6+ Kh8 23. Nxh5+ f6 24. Nxf6 Bxa2+ 25. Kxb2 Kg7 26. Nh5+ Kf7 27. Qg7+ Ke8 28. Nf6+ Rxf6 29. Qxf6 Qb6+ 30. Kc1 Qe3+ 31. Rd2 Qa3+ 32. Qb2 Qe3 33. Qh8+ Kd7 34. Qxa8 Bc4 35. Qxb7+ Ke6 36. Qc8+ Ke7 37. Qxc4 Qa3+ 38. Kb1 Kd7 39. Rhd1 h5 40. Rxd6+ Ke7 41. Qe6+ Kf8 42. Rd8+ Kg7 43. Qg8# 1-0

[Event "FIDE World Uni Rapid-B 1st"]
[Site "Tornelo INT"]
[Date "2021.03.20"]
[Round "2"]
[White "Gabuzyan, Hovhannes"]
[Black "Rosicki, Marcin"]
[Result "1-0"]
[WhiteElo "2557"]
[BlackElo "2023"]
[PlyCount "79"]
[EventDate "2021.03.20"]
[EventType "swiss (rapid)"]
[EventRounds "12"]
[EventCountry "NET"]
[SourceTitle "CBM 201 Extra"]
[Source "ChessBase"]
[SourceDate "2021.05.31"]
[SourceVersion "1"]
[SourceVersionDate "2021.05.31"]
[SourceQuality "1"]

1. Nf3 d5 2. g3 c6 3. Bg2 Nf6 4. 0-0 Bf5 5. c4 e6 6. cxd5 exd5 7. d3 h6 8. Nc3 Bc5 9. Qb3 Qb6 10. Qc2 Bb4 11. e4 dxe4 12. dxe4 Be6 13. Be3 Qa5 14. Nd4 Bxc3 15. Nxe6 fxe6 16. bxc3 0-0 17. Qb3 Re8 18. Qxb7 Nbd7 19. Qb4 Qb5 20. a4 Qxb4 21. cxb4 Rab8 22. Rab1 Rb7 23. Rfc1 Rc8 24. f3 Ne5 25. Rb3 Rcb8 26. f4 Ned7 27. Bd2 c5 28. b5 Rc7 29. e5 Nd5 30. f5 Nxe5 31. fxe6 Rd8 32. a5 c4 33. Rbb1 Nd3 34. Rc2 Nc5 35. Rxc4 Nxe6 36. Rxc7 Ndxc7 37. Be3 Rb8 38. Bc6 a6 39. b6 Kf8 40. Rf1+ 1-0

[Event "FIDE World Uni Rapid-B 1st"]
[Site "Tornelo INT"]
[Date "2021.03.20"]
[Round "5"]
[White "Rosicki, Marcin"]
[Black "Mendez Cordoba, Yesua Leonel"]
[Result "0-1"]
[WhiteElo "2023"]
[BlackElo "1571"]
[PlyCount "78"]
[EventDate "2021.03.20"]
[EventType "swiss (rapid)"]
[EventRounds "12"]
[EventCountry "NET"]
[SourceTitle "CBM 201 Extra"]
[Source "ChessBase"]
[SourceDate "2021.05.31"]
[SourceVersion "1"]
[SourceVersionDate "2021.05.31"]
[SourceQuality "1"]

1. e4 e6 2. Nf3 d5 3. e5 c5 4. b4 b6 5. bxc5 bxc5 6. d4 cxd4 7. Nxd4 Bd7 8. Bd3 Nc6 9. Nxc6 Bxc6 10. 0-0 Ne7 11. Bg5 h6 12. Bh4 Qc7 13. Qe2 Ng6 14. Bxg6 fxg6 15. Nc3 Rc8 16. Nb5 Qd7 17. Nd4 Bc5 18. Nxc6 Rxc6 19. Qd3 g5 20. Bg3 0-0 21. Rab1 Bb6 22. Kh1 Rfc8 23. f4 gxf4 24. Bxf4 Rxc2 25. Qg6 Qe8 26. Qg4 R2c4 27. Qg3 Qh5 28. Rb3 Rf8 29. Rbf3 Kh7 30. Bxh6 Rg4 31. Qxg4 Qxg4 32. Rxf8 Kxh6 33. Rh8+ Kg6 34. Rh3 Qc4 35. Rhf3 Qxa2 36. h3 Qe2 37. Rg3+ Kh7 38. Rf7 Qe1+ 39. Kh2 Qg1# 0-1

[Event "FIDE World Uni Blitz-B 1st"]
[Site "Tornelo INT"]
[Date "2021.03.13"]
[Round "5.17"]
[White "Sliwicka, Alicja"]
[Black "Rosicki, Marcin"]
[Result "1-0"]
[WhiteElo "2346"]
[BlackElo "2023"]
[PlyCount "55"]
[EventDate "2021.03.13"]
[EventType "swiss (blitz)"]
[EventRounds "10"]
[EventCountry "NET"]
[SourceTitle "EXT 2022"]
[Source "ChessBase"]
[SourceDate "2021.10.06"]
[SourceVersion "1"]
[SourceVersionDate "2021.10.06"]
[SourceQuality "1"]

1. e4 e5 2. Nf3 Nc6 3. Nc3 Nf6 4. a3 Bc5 5. Nxe5 Nxe5 6. d4 Bd6 7. dxe5 Bxe5 8. Nb5 a6 9. f4 axb5 10. fxe5 Nxe4 11. Qg4 d5 12. Qxg7 Rf8 13. Bh6 Qe7 14. Qxf8+ Qxf8 15. Bxf8 Kxf8 16. Bxb5 c6 17. Bd3 Bf5 18. Rf1 Bg6 19. e6 Re8 20. exf7 Bxf7 21. 0-0-0 Kg7 22. Rde1 Bg6 23. g4 c5 24. b3 Rb8 25. h4 h6 26. c4 Ra8 27. cxd5 Ng3 28. Rf3 1-0

[Event "FIDE World Uni Blitz-B 1st"]
[Site "Tornelo INT"]
[Date "2021.03.13"]
[Round "3.13"]
[White "Sousa, Andre Ventura"]
[Black "Rosicki, Marcin"]
[Result "1-0"]
[WhiteElo "2390"]
[BlackElo "2023"]
[PlyCount "71"]
[EventDate "2021.03.13"]
[EventType "swiss (blitz)"]
[EventRounds "10"]
[EventCountry "NET"]
[SourceTitle "EXT 2022"]
[Source "ChessBase"]
[SourceDate "2021.10.06"]
[SourceVersion "1"]
[SourceVersionDate "2021.10.06"]
[SourceQuality "1"]

1. e4 e5 2. Nf3 Nc6 3. Bc4 Nf6 4. d3 Bc5 5. c3 d6 6. a4 a5 7. 0-0 h6 8. Re1 0-0 9. h3 Be6 10. Bxe6 fxe6 11. Qb3 Qd7 12. Na3 Kh7 13. Nc4 b6 14. Be3 Bxe3 15. Rxe3 Nh5 16. g3 Rf7 17. Kg2 Raf8 18. Rd1 d5 19. exd5 exd5 20. Ncd2 d4 21. Re4 Rxf3 22. Nxf3 Qf5 23. Rd2 Qxf3+ 24. Kg1 Nxg3 25. fxg3 Qxg3+ 26. Rg2 Qxd3 27. Reg4 g6 28. Qe6 Rf1+ 29. Kh2 Qf5 30. Qxg6+ Qxg6 31. Rxg6 d3 32. Rxc6 e4 33. Rxc7+ Kh8 34. Re7 d2 35. Rxd2 Rf4 36. Rd8+ 1-0

[Event "POL-chT 2nd League"]
[Site "Poronin"]
[Date "2020.09.11"]
[Round "7.15"]
[White "Rosicki, Marcin"]
[Black "Szolc, Grzegorz"]
[Result "0-1"]
[WhiteElo "2039"]
[BlackElo "2036"]
[PlyCount "117"]
[EventDate "2020.09.05"]
[EventType "team-swiss"]
[EventRounds "9"]
[EventCountry "POL"]
[SourceTitle "CBM 198 Extra"]
[Source "ChessBase"]
[SourceDate "2020.11.30"]
[SourceVersion "1"]
[SourceVersionDate "2020.11.30"]
[SourceQuality "1"]
[WhiteTeam "Jaworzno"]
[BlackTeam "Gliwice Politechnika Slaska"]
[WhiteTeamCountry "POL"]
[BlackTeamCountry "POL"]

1. e4 g6 2. d4 Bg7 3. Nc3 c6 4. f4 d5 5. e5 Nh6 6. Nf3 Bg4 7. Be3 f6 8. h3 Bxf3 9. Qxf3 0-0 10. exf6 exf6 11. g4 f5 12. g5 Nf7 13. 0-0-0 Re8 14. h4 Nd7 15. h5 Nf8 16. hxg6 hxg6 17. Kb1 b5 18. Ne2 Nd6 19. Nc1 Qe7 20. Rh3 Nc4 21. Bf2 a5 22. Nd3 a4 23. Ne5 Nxe5 24. dxe5 b4 25. Be2 Ne6 26. Rh4 Reb8 27. Rd3 Kf7 28. Be1 Nc5 29. Rd1 b3 30. Bc3 Ne4 31. Qe3 bxa2+ 32. Kxa2 Qe6 33. Ka1 Rb7 34. Bf3 Nxc3 35. Qxc3 Rab8 36. Rb1 Rb4 37. Qd2 Qe7 38. Qc3 Qe6 39. Qe1 R8b7 40. c3 R4b6 41. Rh2 Qe7 42. Qe3 Rb5 43. Rd2 Ra5 44. Qd4 Qc5 45. Bd1 Qb5 46. Qe3 Ke6 47. Qd4 Bf8 48. Be2 Qb3 49. Bd1 Qb5 50. Be2 Qb3 51. Bd1 Bc5 52. Qd3 Qb6 53. Qh3 Qd8 54. Qh6 Qg8 55. Rd3 Rh7 56. Rh3 Rxh6 57. Rxh6 Bf8 58. Rh3 Ra7 59. Rh4 0-1

[Event "Rubinstein Memorial-A 55th"]
[Site "Polanica Zdroj"]
[Date "2019.08.25"]
[Round "9"]
[White "Galant, Ireneusz"]
[Black "Rosicki, Marcin"]
[Result "0-1"]
[WhiteElo "1774"]
[BlackElo "2042"]
[PlyCount "100"]
[EventDate "2019.08.17"]
[EventType "swiss"]
[EventRounds "9"]
[EventCountry "POL"]
[SourceTitle "EXT 2020"]
[Source "ChessBase"]
[SourceDate "2019.10.17"]
[SourceVersion "1"]
[SourceVersionDate "2019.10.17"]
[SourceQuality "1"]

1. d4 Nf6 2. Bf4 d5 3. e3 Bf5 4. Nf3 e6 5. Be2 Bd6 6. Ne5 Nfd7 7. g4 Bg6 8. h4 Nxe5 9. dxe5 Bb4+ 10. c3 Be7 11. h5 Be4 12. Rh2 Bxb1 13. Qxb1 Nc6 14. Qc2 Bc5 15. Bd3 h6 16. Qb3 Qd7 17. 0-0-0 0-0-0 18. Rg1 f6 19. exf6 gxf6 20. Qb5 Bd6 21. Qb3 Bxf4 22. exf4 Qd6 23. Rhg2 Qxf4+ 24. Kb1 Ne5 25. Be2 Rhe8 26. Bb5 c6 27. Qa4 d4 28. Bc4 Nxc4 29. Qxc4 Qe5 30. cxd4 Rxd4 31. Qc2 Red8 32. f3 Qe3 33. Rc1 Qxf3 34. Rf2 Qxg4 35. Qg6 Qxg6+ 36. hxg6 f5 37. Re2 Re4 38. Rh2 Rg8 39. Rxh6 Rg4 40. g7 R4xg7 41. Rxe6 Rg1 42. Rf6 Rxc1+ 43. Kxc1 Rg1+ 44. Kc2 Rf1 45. b4 f4 46. a4 f3 47. Rf8+ Kc7 48. a5 f2 49. Rf7+ Kd6 50. Kd2 Ra1 0-1

[Event "Rubinstein Memorial-A 55th"]
[Site "Polanica Zdroj"]
[Date "2019.08.19"]
[Round "3"]
[White "Rosicki, Marcin"]
[Black "Jedynak, January"]
[Result "0-1"]
[WhiteElo "2042"]
[BlackElo "1822"]
[PlyCount "66"]
[EventDate "2019.08.17"]
[EventType "swiss"]
[EventRounds "9"]
[EventCountry "POL"]
[SourceTitle "EXT 2020"]
[Source "ChessBase"]
[SourceDate "2019.10.17"]
[SourceVersion "1"]
[SourceVersionDate "2019.10.17"]
[SourceQuality "1"]

1. e4 e5 2. Nc3 Nf6 3. f4 d5 4. fxe5 Nxe4 5. Nf3 Be7 6. Qe2 f5 7. d3 Nxc3 8. bxc3 c5 9. Qf2 0-0 10. Be2 h6 11. 0-0 Be6 12. d4 Nc6 13. Rb1 Rb8 14. Bd2 c4 15. Ne1 Qa5 16. Bh5 g5 17. h4 Kg7 18. hxg5 hxg5 19. Bd1 Rh8 20. Nf3 Qd8 21. g3 Kg6 22. Be2 Qa5 23. Qe3 Qd8 24. Kf2 g4 25. Ne1 Rh2+ 26. Ng2 Qh8 27. Qf4 Qh3 28. Rg1 Nd8 29. Bf1 Nf7 30. Ke1 Bg5 31. Qxg5+ Nxg5 32. Nf4+ Kf7 33. Bxh3 Nf3+ 0-1

[Event "Warsaw Najdorf Memorial op-A 17th"]
[Site "Warsaw"]
[Date "2019.07.09"]
[Round "4"]
[White "Rosicki, Marcin"]
[Black "Kopylov, Daniel"]
[Result "0-1"]
[WhiteElo "2026"]
[BlackElo "2209"]
[PlyCount "86"]
[EventDate "2019.07.06"]
[EventType "swiss"]
[EventRounds "9"]
[EventCountry "POL"]
[SourceTitle "CBM 191 Extra"]
[Source "ChessBase"]
[SourceDate "2019.09.30"]
[SourceVersion "1"]
[SourceVersionDate "2019.09.30"]
[SourceQuality "1"]

1. e4 c5 2. Nf3 d6 3. Bb5+ Bd7 4. a4 Nf6 5. Nc3 g6 6. 0-0 Bg7 7. e5 dxe5 8. Nxe5 a6 9. Bxd7+ Nfxd7 10. Nxd7 Qxd7 11. d3 Nc6 12. Be3 Nd4 13. Ne4 Rc8 14. a5 0-0 15. Nd2 e5 16. Nc4 Rce8 17. Rb1 f5 18. Bxd4 cxd4 19. f3 Qd5 20. b3 Rf7 21. Qd2 Bf8 22. Ra1 Qb5 23. Ra4 Bc5 24. Kh1 Qd7 25. Raa1 Qe7 26. Qe2 Bb4 27. Kg1 Bc3 28. Ra4 Qc5 29. Kh1 Rc7 30. g3 Qc6 31. Nd2 Qb5 32. Nc4 Kg7 33. Nb6 Qc6 34. Nc4 Rf8 35. Nd2 Qb5 36. Nc4 e4 37. Kg1 e3 38. Nb6 Qe5 39. Nc4 f4 40. Rfa1 fxg3 41. hxg3 Qg5 42. Kg2 h5 43. Rh1 Rcf7 0-1

[Event "Rubinstein Memorial-A 54th"]
[Site "Polanica Zdroj"]
[Date "2018.08.19"]
[Round "2"]
[White "Cherepov, Alexej"]
[Black "Rosicki, Marcin"]
[Result "1/2-1/2"]
[WhiteElo "2245"]
[BlackElo "2002"]
[PlyCount "76"]
[EventDate "2018.08.18"]
[EventType "swiss"]
[EventRounds "9"]
[EventCountry "POL"]
[SourceTitle "CBM 186 Extra"]
[Source "ChessBase"]
[SourceDate "2018.08.24"]
[SourceVersion "1"]
[SourceVersionDate "2018.08.24"]
[SourceQuality "1"]

1. d4 Nf6 2. c4 c5 3. Nf3 cxd4 4. Nxd4 e5 5. Nb5 d5 6. cxd5 Bc5 7. N5c3 0-0 8. g3 Qb6 9. e3 Bg4 10. Be2 Bf5 11. Nd2 Bb4 12. Qb3 Ne4 13. Ndxe4 Bxe4 14. 0-0 Bxc3 15. Qxc3 Nd7 16. Qc4 Nf6 17. Qb5 Qxb5 18. Bxb5 Bxd5 19. Bd2 Ne4 20. Rfd1 Nxd2 21. Rxd2 Bf3 22. Be2 Bxe2 23. Rxe2 Rfd8 24. Rc1 Rac8 25. Rxc8 Rxc8 26. Rd2 Kf8 27. Rd7 Rb8 28. g4 a6 29. Kg2 b5 30. b4 Rb6 31. h4 Rc6 32. Ra7 Rc4 33. a3 Rxg4+ 34. Kh3 Rg6 35. Ra8+ Ke7 36. Ra7+ Ke8 37. Ra8+ Ke7 38. Ra7+ Ke8 1/2-1/2

[Event "Rubinstein Memorial-A 54th"]
[Site "Polanica Zdroj"]
[Date "2018.08.18"]
[Round "1"]
[White "Rosicki, Marcin"]
[Black "Skiba, Aleksandra"]
[Result "1-0"]
[WhiteElo "2002"]
[BlackElo "1625"]
[PlyCount "93"]
[EventDate "2018.08.18"]
[EventType "swiss"]
[EventRounds "9"]
[EventCountry "POL"]
[SourceTitle "CBM 186 Extra"]
[Source "ChessBase"]
[SourceDate "2018.08.24"]
[SourceVersion "1"]
[SourceVersionDate "2018.08.24"]
[SourceQuality "1"]

1. e4 c5 2. Nf3 Nc6 3. d4 cxd4 4. Nxd4 e5 5. Nb5 d6 6. N1c3 a6 7. Na3 b5 8. Nd5 Nce7 9. Bg5 h6 10. Bxb5+ axb5 11. Nxb5 Ra7 12. Ndc7+ Rxc7 13. Nxd6+ Qxd6 14. Qxd6 Rc6 15. Qd3 Ba6 16. Qd2 hxg5 17. 0-0-0 f6 18. Qd8+ Kf7 19. Rd6 Rxd6 20. Qxd6 Bc4 21. Qc7 Be6 22. b4 Kg6 23. b5 Nc8 24. b6 Bd6 25. Qd8 Ba3+ 26. Kb1 Nxb6 27. Qxb6 Bf7 28. Qa7 Bb4 29. Qb8 Ba3 30. Qc8 Rh4 31. Qf5+ Kh6 32. g3 Rh5 33. Qf3 Bc5 34. a4 Ne7 35. Qc3 Bxf2 36. Qc7 Bg6 37. g4 Rh3 38. Qxe7 Bxe4 39. Rf1 Bd4 40. Qe8 Bg6 41. Qh8+ Bh7 42. Qf8 e4 43. Rd1 Be5 44. Rd7 f5 45. Rd6+ Bxd6 46. Qxd6+ Bg6 47. gxf5 1-0

[Event "Katowice POL-HUN 5th"]
[Site "Katowice"]
[Date "2017.05.20"]
[Round "2"]
[White "Rosicki, Marcin"]
[Black "Reza, Wojciech"]
[Result "0-1"]
[WhiteElo "1952"]
[BlackElo "2258"]
[PlyCount "106"]
[EventDate "2017.05.20"]
[EventType "swiss (rapid)"]
[EventRounds "9"]
[EventCountry "POL"]
[SourceTitle "CBM 178 Extra"]
[Source "ChessBase"]
[SourceDate "2017.06.22"]
[SourceVersion "1"]
[SourceVersionDate "2017.06.22"]
[SourceQuality "1"]

1. e4 e5 2. Nc3 Nf6 3. f4 d5 4. fxe5 Nxe4 5. d3 Nxc3 6. bxc3 c5 7. Nf3 Nc6 8. Be2 Be7 9. 0-0 Be6 10. d4 h6 11. Qe1 Qc7 12. Rb1 0-0-0 13. Ba3 c4 14. Bxe7 Qxe7 15. Rb2 Qa3 16. Qb1 Rd7 17. Rd1 Qxc3 18. Kh1 g5 19. h3 Rg8 20. Rb5 h5 21. Qb2 Qxb2 22. Rxb2 g4 23. hxg4 hxg4 24. Nh2 g3 25. Nf3 Rh8+ 26. Kg1 f6 27. exf6 Rdh7 28. Kf1 Rf8 29. c3 Rxf6 30. Ke1 Bg4 31. Kd2 Re6 32. Rf1 Rh2 33. Rg1 a6 34. a4 Rh8 35. Rb6 Rhe8 36. Bd1 Re3 37. Ne5 Nxe5 38. Kxe3 Nd7+ 39. Kd2 Bxd1 40. Rd6 Bxa4 41. Rxd5 Nf6 42. Re5 Ne4+ 43. Ke3 Rxe5 44. dxe5 Nxc3 45. Rc1 Nd1+ 46. Kd4 c3 47. e6 Kd8 48. Ke5 Ke7 49. Rb1 b5 50. Rb4 c2 51. Rg4 c1Q 52. Rg7+ Kf8 53. Rf7+ Ke8 0-1

[Event "POL-chT 2nd League"]
[Site "Jastrzebia Gora"]
[Date "2016.09.11"]
[Round "9.33"]
[White "Rosicki, Marcin"]
[Black "Tymrakiewicz, Rafal"]
[Result "0-1"]
[WhiteElo "1887"]
[BlackElo "2285"]
[PlyCount "68"]
[EventDate "2016.09.03"]
[EventType "team-swiss"]
[EventRounds "9"]
[EventCountry "POL"]
[SourceTitle "EXT 2017"]
[Source "ChessBase"]
[SourceDate "2016.10.25"]
[SourceVersion "1"]
[SourceVersionDate "2016.10.25"]
[SourceQuality "1"]
[WhiteTeam "Jaworzno JKSz MCKiS"]
[BlackTeam "Dabrowa Gornicza Zaglebie II"]
[WhiteTeamCountry "POL"]
[BlackTeamCountry "POL"]

1. e4 Nf6 2. Nc3 d5 3. exd5 a6 4. Nf3 g6 5. Bc4 Bg7 6. d3 b5 7. Bb3 Bb7 8. 0-0 Nxd5 9. Nxd5 Bxd5 10. Re1 0-0 11. Bxd5 Qxd5 12. Rxe7 Nc6 13. Re1 Rad8 14. Bg5 Rde8 15. Rxe8 Rxe8 16. c3 h6 17. Bf4 Re7 18. Qd2 g5 19. Be3 f5 20. Qc2 f4 21. Bd2 g4 22. Nh4 Qh5 23. g3 fxg3 24. hxg3 Ne5 25. Qb3+ Kh7 26. Qb4 Bf6 27. Qe4+ Kg8 28. Qf4 Bxh4 29. gxh4 Nf3+ 30. Kg2 Nxh4+ 31. Kg3 Nf5+ 32. Kg2 Qh3+ 33. Kg1 Nh4 34. Qg5+ hxg5 0-1

[Event "POL-chT 2nd League"]
[Site "Jastrzebia Gora"]
[Date "2016.09.10"]
[Round "8.57"]
[White "Gralka, Przemyslaw"]
[Black "Rosicki, Marcin"]
[Result "1/2-1/2"]
[WhiteElo "2283"]
[BlackElo "1887"]
[PlyCount "116"]
[EventDate "2016.09.03"]
[EventType "team-swiss"]
[EventRounds "9"]
[EventCountry "POL"]
[SourceTitle "EXT 2017"]
[Source "ChessBase"]
[SourceDate "2016.10.25"]
[SourceVersion "1"]
[SourceVersionDate "2016.10.25"]
[SourceQuality "1"]
[WhiteTeam "Bydgoszcz Hetman"]
[BlackTeam "Jaworzno JKSz MCKiS"]
[WhiteTeamCountry "POL"]
[BlackTeamCountry "POL"]

1. d4 c5 2. dxc5 e6 3. Nf3 Bxc5 4. e3 d5 5. c4 Nf6 6. a3 a5 7. Nc3 0-0 8. cxd5 Nxd5 9. Nxd5 Qxd5 10. Qxd5 exd5 11. b3 Bg4 12. Bb2 Bxf3 13. gxf3 Rd8 14. 0-0-0 Nc6 15. Bb5 Rac8 16. Kb1 Na7 17. Bd3 Nc6 18. Rhg1 g6 19. f4 Bf8 20. Be2 Bg7 21. Rd3 d4 22. e4 Bh6 23. Bc1 Na7 24. Rh3 Bg7 25. Rd1 Bf6 26. Bb2 Nc6 27. Bb5 Na7 28. Bc4 Nc6 29. Rhd3 a4 30. R1d2 axb3 31. Bxb3 Na5 32. Bd5 Nc4 33. Bxc4 Rxc4 34. Ka2 Kf8 35. Kb3 Rc5 36. Bxd4 Bxd4 37. Rxd4 Rxd4 38. Rxd4 Rh5 39. Rd7 Rxh2 40. Rxb7 Rxf2 41. a4 Rf1 42. Rc7 h5 43. a5 h4 44. Rc3 Ke7 45. Kb4 Kd7 46. a6 Ra1 47. Kb5 Rb1+ 48. Ka5 Ra1+ 49. Kb6 Rb1+ 50. Ka7 Rb4 51. Rd3+ Kc7 52. Rc3+ Kd7 53. Re3 f6 54. Ka8 g5 55. fxg5 fxg5 56. e5 Ke6 57. a7 g4 58. Rh3 gxh3 1/2-1/2